Statistics for Cities with the Most Airports

Click here to take the quiz!

General Stats

  • This quiz has been taken 106 times
    (89 since last reset)
  • The average score is 12 of 22

Answer Stats

#City% Correct
7New York
98%
6London
96%
4Paris
93%
5Los Angeles
90%
4Tokyo
85%
3Chicago
80%
4Moscow
78%
4San Francisco
71%
4Miami
65%
3Washington DC
55%
4Boston
49%
3Milan
46%
3Sao Paulo
46%
3Osaka
41%
3Seattle
39%
3Barcelona
36%
4Stockholm
31%
3Orlando
29%
5Vancouver
23%
4Melbourne
23%
3Tampa
16%
3Samana
3%

Score Distribution

Percentile by Number Answered

Percent of People with Each Score

Your Score History

You have not taken this quiz since the last reset